|
|
|
|
| LEADER |
02869nam a2200709 i 4500 |
| 001 |
nkc20243631628 |
| 003 |
CZ PrNK |
| 005 |
20250113114648.0 |
| 007 |
ta |
| 008 |
240913s2024 xr ach e 000 0deng |
| 015 |
|
|
|a cnb003631628
|
| 020 |
|
|
|a 978-80-261-1229-7
|q (brožováno)
|
| 035 |
|
|
|a (OCoLC)1477944476
|
| 040 |
|
|
|a OLA001
|b cze
|d ABA001
|e rda
|
| 041 |
1 |
|
|a eng
|h cze
|
| 043 |
|
|
|a u-nz---
|a e-xr---
|b e-xr-pl
|2 czenas
|
| 045 |
|
|
|a y1y3
|
| 072 |
|
7 |
|a 378
|x Vysoké školy
|2 Konspekt
|9 22
|
| 080 |
|
|
|a 378.6:7
|2 MRF
|
| 080 |
|
|
|a 005.963.3
|2 MRF
|
| 080 |
|
|
|a 913:910.4
|2 MRF
|
| 080 |
|
|
|a 37.091.322
|2 MRF
|
| 080 |
|
|
|a 7.07
|2 MRF
|
| 080 |
|
|
|a (931)
|2 MRF
|
| 080 |
|
|
|a (437.317)
|2 MRF
|
| 080 |
|
|
|a (084.12)
|2 MRF
|
| 100 |
1 |
|
|a Havlová, Martina,
|d 1994-
|7 ola20241243368
|4 aut
|
| 245 |
1 |
0 |
|a On Gottfried Lindauer Art Residency, Woodville, New Zealand /
|c Martina Havlová ; translation and proofreading: Jan Šmrha
|
| 264 |
|
1 |
|a Pilsen :
|b University of West Bohemia,
|c 2024
|
| 300 |
|
|
|a 115 stran :
|b ilustrace (převážně barevné), portréty, faksimile ;
|c 21 cm
|
| 336 |
|
|
|a text
|b txt
|2 rdacontent
|
| 336 |
|
|
|a statický obraz
|b sti
|2 rdacontent
|
| 337 |
|
|
|a bez média
|b n
|2 rdamedia
|
| 338 |
|
|
|a svazek
|b nc
|2 rdacarrier
|
| 500 |
|
|
|a Přeloženo z češtiny
|
| 500 |
|
|
|a 100 výtisků
|
| 610 |
2 |
7 |
|a Západočeská univerzita.
|b Fakulta designu a umění Ladislava Sutnara
|7 pna2014844521
|2 czenas
|
| 648 |
|
7 |
|a 21. století
|7 ch460559
|2 czenas
|
| 648 |
|
7 |
|a 2011-2030
|7 ch1138626
|2 czenas
|
| 650 |
0 |
7 |
|a vysoké umělecké školy
|7 ph127287
|z Česko
|y 21. století
|2 czenas
|
| 650 |
0 |
7 |
|a studijní cesty
|7 ph440126
|z Nový Zéland
|y 2011-2030
|2 czenas
|
| 650 |
0 |
7 |
|a stáže
|7 ph220322
|z Nový Zéland
|y 2011-2030
|2 czenas
|
| 650 |
0 |
7 |
|a cesty a pobyt
|7 ph137578
|z Nový Zéland
|y 2011-2030
|2 czenas
|
| 650 |
0 |
7 |
|a studentská odborná činnost
|7 ph745711
|z Česko
|y 2011-2030
|2 czenas
|
| 650 |
0 |
7 |
|a umělecká tvorba
|7 ph126884
|z Česko
|y 2011-2030
|2 czenas
|
| 650 |
0 |
9 |
|a art academies
|z Czechia
|y 21st century
|2 eczenas
|
| 650 |
0 |
9 |
|a educational visits
|z New Zealand
|y 2011-2030
|2 eczenas
|
| 650 |
0 |
9 |
|a professional stays
|z New Zealand
|y 2011-2030
|2 eczenas
|
| 650 |
0 |
9 |
|a travels and stays
|z New Zealand
|y 2011-2030
|2 eczenas
|
| 650 |
0 |
9 |
|a student professional activities
|z Czechia
|y 2011-2030
|2 eczenas
|
| 650 |
0 |
9 |
|a artistic creation
|z Czechia
|y 2011-2030
|2 eczenas
|
| 651 |
|
7 |
|a Plzeň (Česko)
|7 ge130439
|2 czenas
|
| 651 |
|
9 |
|a Plzeň (Czechia)
|2 eczenas
|
| 655 |
|
7 |
|a fotografické publikace
|7 fd132276
|2 czenas
|
| 655 |
|
9 |
|a photographical works
|2 eczenas
|
| 700 |
1 |
|
|a Šmrha, Jan,
|d 1985-
|7 jo20201066279
|4 trl
|
| 910 |
2 |
|
|a BOA001
|b 2-1533.590
|
| 928 |
9 |
|
|a Západočeská univerzita
|
| 990 |
|
|
|a BK
|
| 995 |
|
|
|a 01
|
| 991 |
|
|
|b 202411
|c NOV
|
| 996 |
6 |
|
|b 2610983905
|c 2-1533.590
|l MZK
|r Sklad / do 1 hodiny
|n 0
|p p.v.
|w 001982074
|u 000010
|a 1
|e BOA001
|j MZK50
|s P
|